Capacitar : (Record no. 1331)
[ view plain ]
| 000 -LÍDER | |
|---|---|
| Campo Fixo de Controle | 01081nam a2200301 a 4500 |
| 001 - NÚMERO DE CONTROLE | |
| Campo de Controle | 1331 |
| 003 - IDENTIFICAÇÃO DO NÚMERO DE CONTROLE | |
| Campo de Controle | BR-CuiBMT |
| 005 - DATA E HORA DA ÚLTIMA ATUALIZAÇÃO | |
| Campo de Controle | 20231214192610.0 |
| 008 - DADOS FIXOS | |
| Dados Fixos | 231205s2017 spb 000 0 por d |
| 020 ## - INTERNATIONAL STANDARD BOOK NUMBER | |
| Nº do ISBN | 9788595270060 |
| 040 ## - AGÊNCIA CATALOGADORA | |
| Código da Agência Catalogadora | BR-CuiBMT |
| Agência que transcreveu o registro | BR-CuiBMT |
| 080 ## - Nº DA CLASSIFICAÇÃO DECIMAL UNIVERSAL | |
| Nº edição CDU | 2007 |
| Nº Class. CDU | 344.3:347.963 |
| 090 ## - NÚMERO DE CHAMADA | |
| Nº classificação | 344.3:347.963 |
| Cutter | C236 |
| 111 1# - ENTRADA PRINCIPAL -- EVENTO | |
| Nome do evento ou lugar | Curso de Ingresso e Vitaliciamento para promotores de Justiça Militar |
| Local de realização do evento | Brasília |
| 245 1# - TÍTULO PRINCIPAL | |
| Título principal | Capacitar : |
| Subtítulo | curso de ingresso e vitaliciamento para promotores de Justiça Militar / |
| Indicação de responsabilidade | [organização] Alexandre Reis de Carvalho ; [Colaboradores] Cícero Robson Coimbra Neves ...[et al.] |
| 260 ## - PUBLICAÇÃO, DISTRIBUIÇÃO, ETC. | |
| Local de publicação | Brasília : |
| Editora | ESMUP, |
| Data | 2017. |
| 300 ## - DESCRIÇÃO FÍSICA | |
| N. páginas ou volumes | 174 p.: |
| Dimensões | 22 cm |
| 490 ## - INDICAÇÃO DE SÉRIE | |
| Título da série | Capacitar |
| Volume/designação sequencial da série | v. 3 |
| 504 ## - NOTA DE BIBLIOGRAFIA, ETC. | |
| Nota de bibliografia | Inclui bibliografia. |
| 610 ## - ASSUNTO -- ENTIDADE | |
| Nome da Entidade ou lugar | Brasil |
| Unidade subordinada | Ministério Público Militar |
| 650 ## - ASSUNTO TÓPICO | |
| Cabeçalho tópico ou nome geográfico | Justiça militar |
| Subdivisão geográfica | Brasil |
| 650 ## - ASSUNTO TÓPICO | |
| Cabeçalho tópico ou nome geográfico | Polícia judiciária |
| Subdivisão geográfica | Brasil |
| 650 ## - ASSUNTO TÓPICO | |
| Cabeçalho tópico ou nome geográfico | Sistema penal |
| 650 ## - ASSUNTO TÓPICO | |
| Cabeçalho tópico ou nome geográfico | Ministério público militar |
| Subdivisão geográfica | Brasil |
| 700 ## - ENTRADA SECUNDÁRIA -- NOME PESSOAL | |
| Cód. do termo explicativo | org. |
| Nome pessoal | Carvalho, Alexandre Reis de |
| 830 ## - ENTRADA SECUNDÁRIA DE SÉRIE -- TÍTULO UNIFORME | |
| Título uniforme | Capacitar |
| 942 ## - ELEMENTOS DE ENTRADA ADICIONAIS (KOHA) | |
| Fonte de classificação ou esquema de arquivamento | Classificação Decimal Universal |
| Tipo de item do Koha | Livros |
| Estado: removido | Estado: perdido | Fonte de classificação ou esquema de arquivamento | Estado: danificado | Indisponível para empréstimo | Localização permanente | Localização atual | Data de aquisição | Total Checkouts | Número de Chamada completo | Código de barras | Date last seen | Número do exemplar | Preço efetivo a partir de | Tipo de item (Koha) |
|---|---|---|---|---|---|---|---|---|---|---|---|---|---|---|
| Classificação Decimal Universal | Biblioteca da Escola Superior de Contas do TCE/MT | Biblioteca da Escola Superior de Contas do TCE/MT | 06/12/2023 | 344.3:347.963 C236 | BIBTCEMT23120275 | 06/12/2023 | Ex. 1 | 06/12/2023 | Livros | |||||
| Classificação Decimal Universal | Biblioteca da Escola Superior de Contas do TCE/MT | Biblioteca da Escola Superior de Contas do TCE/MT | 14/12/2023 | 344.3:347.963 C236 | BIBTCEMT23120496 | 14/12/2023 | Ex. 2 | 14/12/2023 | Livros |